000 00468nam a22001937a 4500
003 MPLRDC
005 20220104144219.0
008 210129b ||||| |||| 00| 0 eng d
020 _a957-27-0680-2
082 _a857.9 YWP-2 v.1
100 _a余为魄
245 _a炎光艳火刀5
_c
250 _a初版
260 _a
_b万象图书有限公司
_c1999
300 _b
490 _a离火青瞳. 5
650 _a武侠小说
942 _cBK
_o857.9 YWP-2 v.1
999 _c47476
_d47466